000 00351nam a2200133Ia 4500
005 20260326235453.0
008 260326s9999||||xx |||||||||||||| ||und||
100 _aMiddleton, Robin
245 0 _aNeoclassical and 19th Century Architecture 2 /
_cRobin Middleton
260 _bRizzoli
300 _a415 p.
650 _aARQUITECTURA MODERNA
942 _cBK
999 _c7856
_d7856